00533nam a22001577a 450000500170000001000170001702000230003402000260005703500170008303700120010008200060011224500860011826000450020427000940024930000320034320130920164445.0 aB-515528-560 a8184822235c350.00 a9788184822236c350.00 aB-515528-560 bUBH/Ven aS aBhagawat :cedited by Anant Pai; illustrated by Dilip Kadambthe Krishna avatar / bAmar Chitra Katha c2012(repr.)aMumbai  aThe Forum,3rd Floor Raghuvanshi Mill Compound. S.B.Marg, Lower Parel (W)bMumbai e400013 a256p. c24cm(Hb)bcol. ill.